000 00337nab a22001097u 4500
008 130520b2010 xxu||||| |||| 00| 0 spa d
041 _aspa
100 1 _aHimes, Kenneth R.
_948050
245 0 0 _aLa tortura: Un ataque contra lo humano
_cKenneth R. Himes
773 0 _tConcilium
_gnº336,2010,págs. 155-162
_x0210-1041
_wRev134
942 _cAR
999 _c413643
_d413643